[Event "Sergipe-ch"]
[Site "Aracaju"]
[Date "2015.12.??"]
[Round "5"]
[White "Rodrigues, Natanael Isau Braz"]
[Black "Santana, Weslley Abreu"]
[Result "1-0"]
[WhiteElo "1915"]
[BlackElo "1841"]
[PlyCount "51"]
[EventDate "2015.12.11"]
[EventType "tourn"]
[EventRounds "5"]
[EventCountry "BRA"]
[SourceTitle "EXT 2022"]
[Source "ChessBase"]
[SourceDate "2021.10.06"]
[SourceVersion "1"]
[SourceVersionDate "2021.10.06"]
[SourceQuality "1"]

1. e4 d5 2. d3 e5 3. exd5 Qxd5 4. Nc3 Qd8 5. g3 Nf6 6. Bg2 Bc5 7. h3 0-0 8. Nge2 c6 9. 0-0 Nd5 10. Kh2 f5 11. f4 Nxc3 12. Nxc3 Nd7 13. Qf3 exf4 14. Bxf4 Nf6 15. Be5 Bd7 16. Rad1 Be6 17. d4 Bd6 18. Rfe1 Kh8 19. Na4 Qd7 20. Nc5 Bxc5 21. dxc5 Bd5 22. Bxf6 Rxf6 23. c4 Bxf3 24. Rxd7 Bxg2 25. Kxg2 b6 26. Rxa7 1-0